Control systems engineering/ (Record no. 7150)

MARC details
000 -LEADER
fixed length control field 00716nam a22002177a 4500
003 - CONTROL NUMBER IDENTIFIER
control field OSt
005 - DATE AND TIME OF LATEST TRANSACTION
control field 20251217013506.0
008 - FIXED-LENGTH DATA ELEMENTS--GENERAL INFORMATION
fixed length control field 251217b |||||||| |||| 00| 0 eng d
020 ## - INTERNATIONAL STANDARD BOOK NUMBER
International Standard Book Number 9812-53-060-6
040 ## - CATALOGING SOURCE
Original cataloging agency DWC-Main lib.
Transcribing agency OC
082 ## - DEWEY DECIMAL CLASSIFICATION NUMBER
Edition number 4th edition.
Classification number Circ. 629.8 N724 2004
100 ## - MAIN ENTRY--PERSONAL NAME
Personal name Nise, Norman S.
245 ## - TITLE STATEMENT
Title Control systems engineering/
Statement of responsibility, etc. Norman S. Nise
260 ## - PUBLICATION, DISTRIBUTION, ETC.
Place of publication, distribution, etc. (S.I.) :
Name of publisher, distributor, etc. John Wiley and Sons, Inc.,
Date of publication, distribution, etc. c2004.
300 ## - PHYSICAL DESCRIPTION
Extent xxii, 983 p. :
Other physical details illustrations ;
Dimensions 24 cm. + 2 CD ROM
504 ## - BIBLIOGRAPHY, ETC. NOTE
Bibliography, etc. note Includes bibliographical references and index.
650 ## - SUBJECT ADDED ENTRY--TOPICAL TERM
Topical term or geographic name entry element 1. Automatic control.
650 ## - SUBJECT ADDED ENTRY--TOPICAL TERM
Topical term or geographic name entry element 2. Systems engineering.
760 ## - MAIN SERIES ENTRY
Edition 4th edition.
942 ## - ADDED ENTRY ELEMENTS (KOHA)
Source of classification or shelving scheme Dewey Decimal Classification
Koha item type Book Circulation
Edition 4th edition.
Call number prefix Circ.
Suppress in OPAC No
952 ## - LOCATION AND ITEM INFORMATION (KOHA)
--
952 ## - LOCATION AND ITEM INFORMATION (KOHA)
--
Holdings
Withdrawn status Lost status Source of classification or shelving scheme Damaged status Not for loan Home library Current library Shelving location Date acquired Source of acquisition Cost, normal purchase price Total Checkouts Full call number Barcode Date last seen Copy number Price effective from Koha item type Uniform Resource Identifier
    Dewey Decimal Classification     College Library College Library Circulation 08/04/2005 School Fund 775.00   Circ. 629.8 N724 2004 CL42196 12/17/2025 c1 12/17/2025 BK-CIRC
    Dewey Decimal Classification     College Library College Library Circulation 08/05/2005 School Fund 775.00   Circ. 629.8 N724 2004 CL42197 12/17/2025 c1 12/17/2025 BK-CIRC